000 005260000a22001930004500
001 002050
003 MACL
005 20150730132145.0
008 150730b xxu||||| |||| 00| 0 eng d
040 _aMACL
_cMACL
041 _aEnglish
082 _a347.077/SHO
100 _a Shourie, Arun
_91231
245 _a Courts And Their Judgements
_bPremises, Prerequisites, Consequences
_cArun Shourie
260 _aNoida
_c2002
_bRupa And Co.,
350 _a495
650 _aCivil Procedure & Court
_93422
942 _k347
_cBK
_2ddc
999 _c13966
_d13966